000 00685nam a2200217Ia 4500
003 OSt
005 20231012111339.0
008 210716s1995 xx 000 0 und d
040 _cAIMIT LIBRARY
041 _aeng
082 _a005.1331
_22
_bRINM
100 _aRinehart, Martin L.
_9137655
245 _aType and learn c++ today /
_cBy Martin L Rinehart.
250 _a1st ed.
260 _aNew Delhi :
_bComdex computer publishing ,
_c1995.
300 _axvi,624,16p. ;
_bPB
_c24 cm.
650 _aDialog boxes inherit from boxes
_9137656
650 _aResizing moving and scrolling
_9137657
650 _aUsing multiple files
_9137658
942 _2ddc
_cBK
_e2nd ed.
_k005.1331 RINM
999 _c183126
_d183126